00810nam a2200253Ia 450000500170000000800410001702000150005804100080007308200190008110000180010024500730011825000220019130000400021349000180025365000310027165000290030265000300033170000310036126400410039233600270043333700330046033800280049304000350052120220316235550.0121119s2001 sp a gr 000 0 spa  a84406999991 aspa04a615.321 bO29P1 aOdy, Penelope14aLas plantas medicinalescPenelope Ody ; traducción, Herminia Bevia aPrimera edición a259 páginasbilustracionesc29 cm0 aSalud natural14aMedicina alternativa2LEMB14a Medicina natural 2LEMB14aPlantas medicinales2LEMB1 aBevia, Herminiaetraductor aBarcelona bDorling Kindersleyc2001 atextobtxt2rdacontent asin mediaciónbn2rdamedia avolumenbnc2rdacarrier aCO-BoRNBPbspaerdacCO-BoRNBP